<?xml version="1.0" encoding="UTF-8"?><marc:collection xmlns:marc="http://www.loc.gov/MARC21/slim">
  <marc:record>
    <marc:leader>03454nas a2200793 c 4500</marc:leader>
    <marc:controlfield tag="001">010003754</marc:controlfield>
    <marc:controlfield tag="003">DE-101</marc:controlfield>
    <marc:controlfield tag="005">20250311211103.0</marc:controlfield>
    <marc:controlfield tag="006">si</marc:controlfield>
    <marc:controlfield tag="007">tu</marc:controlfield>
    <marc:controlfield tag="008">991118c18879999gw q||p|  ||| 0||||1ger c</marc:controlfield>
    <marc:datafield tag="016" ind1="7" ind2=" ">
      <marc:subfield code="2">DE-600</marc:subfield>
      <marc:subfield code="a">455-8</marc:subfield>
    </marc:datafield>
    <marc:datafield tag="016" ind1="7" ind2=" ">
      <marc:subfield code="2">DE-101</marc:subfield>
      <marc:subfield code="a">010003754</marc:subfield>
    </marc:datafield>
    <marc:datafield tag="022" ind1=" " ind2=" ">
      <marc:subfield code="a">0003-9101</marc:subfield>
    </marc:datafield>
    <marc:datafield tag="022" ind1=" " ind2=" ">
      <marc:subfield code="a">0943-3988</marc:subfield>
    </marc:datafield>
    <marc:datafield tag="022" ind1=" " ind2=" ">
      <marc:subfield code="a">2510-7607</marc:subfield>
    </marc:datafield>
    <marc:datafield tag="022" ind1=" " ind2=" ">
      <marc:subfield code="a">0003-9101</marc:subfield>
      <marc:subfield code="2">6</marc:subfield>
    </marc:datafield>
    <marc:datafield tag="022" ind1=" " ind2=" ">
      <marc:subfield code="a">0943-3988</marc:subfield>
      <marc:subfield code="2">6</marc:subfield>
    </marc:datafield>
    <marc:datafield tag="022" ind1=" " ind2=" ">
      <marc:subfield code="a">2510-7607</marc:subfield>
      <marc:subfield code="2">6</marc:subfield>
    </marc:datafield>
    <marc:datafield tag="035" ind1=" " ind2=" ">
      <marc:subfield code="a">(DE-599)ZDB455-8</marc:subfield>
    </marc:datafield>
    <marc:datafield tag="035" ind1=" " ind2=" ">
      <marc:subfield code="a">(OCoLC)1367303544</marc:subfield>
    </marc:datafield>
    <marc:datafield tag="040" ind1=" " ind2=" ">
      <marc:subfield code="a">9001</marc:subfield>
      <marc:subfield code="b">ger</marc:subfield>
      <marc:subfield code="c">DE-101</marc:subfield>
      <marc:subfield code="d">9999</marc:subfield>
    </marc:datafield>
    <marc:datafield tag="041" ind1=" " ind2=" ">
      <marc:subfield code="a">ger</marc:subfield>
      <marc:subfield code="a">eng</marc:subfield>
    </marc:datafield>
    <marc:datafield tag="042" ind1=" " ind2=" ">
      <marc:subfield code="a">zdb</marc:subfield>
    </marc:datafield>
    <marc:datafield tag="044" ind1=" " ind2=" ">
      <marc:subfield code="c">XA-DE</marc:subfield>
    </marc:datafield>
    <marc:datafield tag="082" ind1="7" ind2="4">
      <marc:subfield code="a">100</marc:subfield>
      <marc:subfield code="q">DE-101</marc:subfield>
      <marc:subfield code="2">22sdnb</marc:subfield>
    </marc:datafield>
    <marc:datafield tag="083" ind1="7" ind2=" ">
      <marc:subfield code="a">100</marc:subfield>
      <marc:subfield code="a">300</marc:subfield>
      <marc:subfield code="q">DE-600</marc:subfield>
      <marc:subfield code="2">22sdnb</marc:subfield>
    </marc:datafield>
    <marc:datafield tag="084" ind1=" " ind2=" ">
      <marc:subfield code="a">5,1</marc:subfield>
      <marc:subfield code="2">ssgn</marc:subfield>
    </marc:datafield>
    <marc:datafield tag="084" ind1=" " ind2=" ">
      <marc:subfield code="a">CA 1000</marc:subfield>
      <marc:subfield code="2">rvk</marc:subfield>
    </marc:datafield>
    <marc:datafield tag="084" ind1=" " ind2=" ">
      <marc:subfield code="a">012000*zs</marc:subfield>
      <marc:subfield code="2">sbb</marc:subfield>
    </marc:datafield>
    <marc:datafield tag="222" ind1=" " ind2="0">
      <marc:subfield code="a">Archiv für Geschichte der Philosophie</marc:subfield>
    </marc:datafield>
    <marc:datafield tag="222" ind1=" " ind2="0">
      <marc:subfield code="a">Archiv für Geschichte der Philosophie und Soziologie</marc:subfield>
    </marc:datafield>
    <marc:datafield tag="222" ind1=" " ind2="0">
      <marc:subfield code="a">Archiv für Geschichte der Philosophie</marc:subfield>
      <marc:subfield code="b">1887</marc:subfield>
    </marc:datafield>
    <marc:datafield tag="245" ind1="0" ind2="0">
      <marc:subfield code="a">Archiv für Geschichte der Philosophie</marc:subfield>
      <marc:subfield code="c">hrsg. von Ludwig Stein</marc:subfield>
    </marc:datafield>
    <marc:datafield tag="246" ind1="3" ind2=" ">
      <marc:subfield code="a">AGPh</marc:subfield>
    </marc:datafield>
    <marc:datafield tag="246" ind1="3" ind2=" ">
      <marc:subfield code="a">Archiv für Philosophie / 1</marc:subfield>
    </marc:datafield>
    <marc:datafield tag="246" ind1="3" ind2=" ">
      <marc:subfield code="a">Archiv für Philosophie und Soziologie / 1</marc:subfield>
    </marc:datafield>
    <marc:datafield tag="247" ind1="0" ind2="0">
      <marc:subfield code="a">Archiv für Geschichte der Philosophie und Soziologie</marc:subfield>
      <marc:subfield code="f">Hauptsacht. N.F. 30=37.1925/26 - 32=39.1929/30</marc:subfield>
    </marc:datafield>
    <marc:datafield tag="264" ind1="3" ind2="1">
      <marc:subfield code="a">Berlin</marc:subfield>
      <marc:subfield code="a">New York</marc:subfield>
      <marc:subfield code="b">&#152;de&#156; Gruyter</marc:subfield>
      <marc:subfield code="c">1887-</marc:subfield>
    </marc:datafield>
    <marc:datafield tag="264" ind1="2" ind2="1">
      <marc:subfield code="3">anfangs</marc:subfield>
      <marc:subfield code="a">Berlin</marc:subfield>
      <marc:subfield code="b">&#152;de&#156; Gruyter</marc:subfield>
    </marc:datafield>
    <marc:datafield tag="300" ind1=" " ind2=" ">
      <marc:subfield code="c">23 cm</marc:subfield>
    </marc:datafield>
    <marc:datafield tag="336" ind1=" " ind2=" ">
      <marc:subfield code="a">Text</marc:subfield>
      <marc:subfield code="b">txt</marc:subfield>
      <marc:subfield code="2">rdacontent</marc:subfield>
    </marc:datafield>
    <marc:datafield tag="337" ind1=" " ind2=" ">
      <marc:subfield code="a">ohne Hilfsmittel zu benutzen</marc:subfield>
      <marc:subfield code="b">n</marc:subfield>
      <marc:subfield code="2">rdamedia</marc:subfield>
    </marc:datafield>
    <marc:datafield tag="338" ind1=" " ind2=" ">
      <marc:subfield code="a">Band</marc:subfield>
      <marc:subfield code="b">nc</marc:subfield>
      <marc:subfield code="2">rdacarrier</marc:subfield>
    </marc:datafield>
    <marc:datafield tag="362" ind1="0" ind2=" ">
      <marc:subfield code="a">1.1887/88; 2.1889 - 7.1894; N.F. 1=8.1895 - 32=39.1929/30(1930); 40.1931 - 41.1932; 42.1960 -</marc:subfield>
    </marc:datafield>
    <marc:datafield tag="363" ind1="0" ind2="1">
      <marc:subfield code="8">1.1\x</marc:subfield>
      <marc:subfield code="i">1887/88</marc:subfield>
    </marc:datafield>
    <marc:datafield tag="490" ind1="0" ind2=" ">
      <marc:subfield code="3">1.1887/88 - N.F. 29=36.1923/24</marc:subfield>
      <marc:subfield code="a">Archiv für Philosophie : Abt. 1</marc:subfield>
    </marc:datafield>
    <marc:datafield tag="490" ind1="0" ind2=" ">
      <marc:subfield code="3">N.F. 30=37.1925/26 - 32=39.1929/30</marc:subfield>
      <marc:subfield code="a">Archiv für Philosophie und Soziologie : Abt. 1</marc:subfield>
    </marc:datafield>
    <marc:datafield tag="500" ind1=" " ind2=" ">
      <marc:subfield code="a">Erscheint vierteljährlich, bis 2013 dreimal jährlich</marc:subfield>
    </marc:datafield>
    <marc:datafield tag="500" ind1=" " ind2=" ">
      <marc:subfield code="a">Repr.: Würzburg : Liebing; Würzburg: jal-reprint; Vaduz: Topos-Verl, 1968-1981</marc:subfield>
    </marc:datafield>
    <marc:datafield tag="501" ind1=" " ind2=" ">
      <marc:subfield code="a">Ungezählte Beil.: Beilage</marc:subfield>
    </marc:datafield>
    <marc:datafield tag="555" ind1="8" ind2=" ">
      <marc:subfield code="a">Index 1/10.1887/97 - 11/20.1898/1907</marc:subfield>
    </marc:datafield>
    <marc:datafield tag="648" ind1=" " ind2="7">
      <marc:subfield code="a">Geschichte</marc:subfield>
      <marc:subfield code="9">rswk-swf</marc:subfield>
      <marc:subfield code="2">gnd</marc:subfield>
    </marc:datafield>
    <marc:datafield tag="650" ind1=" " ind2="7">
      <marc:subfield code="0">(DE-588)4045791-6</marc:subfield>
      <marc:subfield code="0">https://d-nb.info/gnd/4045791-6</marc:subfield>
      <marc:subfield code="0">(DE-101)040457915</marc:subfield>
      <marc:subfield code="a">Philosophie</marc:subfield>
      <marc:subfield code="9">rswk-swf</marc:subfield>
      <marc:subfield code="2">gnd</marc:subfield>
    </marc:datafield>
    <marc:datafield tag="650" ind1=" " ind2="7">
      <marc:subfield code="0">(DE-588)4020517-4</marc:subfield>
      <marc:subfield code="0">https://d-nb.info/gnd/4020517-4</marc:subfield>
      <marc:subfield code="0">(DE-101)040205177</marc:subfield>
      <marc:subfield code="a">Geschichte</marc:subfield>
      <marc:subfield code="9">rswk-swf</marc:subfield>
      <marc:subfield code="2">gnd</marc:subfield>
    </marc:datafield>
    <marc:datafield tag="650" ind1=" " ind2="7">
      <marc:subfield code="0">(DE-588)4045791-6</marc:subfield>
      <marc:subfield code="0">https://d-nb.info/gnd/4045791-6</marc:subfield>
      <marc:subfield code="0">(DE-101)040457915</marc:subfield>
      <marc:subfield code="a">Philosophie</marc:subfield>
      <marc:subfield code="9">rswk-swf</marc:subfield>
      <marc:subfield code="2">gnd</marc:subfield>
    </marc:datafield>
    <marc:datafield tag="655" ind1=" " ind2="7">
      <marc:subfield code="0">(DE-588)4067488-5</marc:subfield>
      <marc:subfield code="0">https://d-nb.info/gnd/4067488-5</marc:subfield>
      <marc:subfield code="0">(DE-101)040674886</marc:subfield>
      <marc:subfield code="a">Zeitschrift</marc:subfield>
      <marc:subfield code="2">gnd-content</marc:subfield>
    </marc:datafield>
    <marc:datafield tag="689" ind1="0" ind2="0">
      <marc:subfield code="0">(DE-588)4045791-6</marc:subfield>
      <marc:subfield code="0">https://d-nb.info/gnd/4045791-6</marc:subfield>
      <marc:subfield code="0">(DE-101)040457915</marc:subfield>
      <marc:subfield code="D">s</marc:subfield>
      <marc:subfield code="a">Philosophie</marc:subfield>
    </marc:datafield>
    <marc:datafield tag="689" ind1="0" ind2="1">
      <marc:subfield code="0">(DE-588)4020517-4</marc:subfield>
      <marc:subfield code="0">https://d-nb.info/gnd/4020517-4</marc:subfield>
      <marc:subfield code="0">(DE-101)040205177</marc:subfield>
      <marc:subfield code="D">s</marc:subfield>
      <marc:subfield code="a">Geschichte</marc:subfield>
    </marc:datafield>
    <marc:datafield tag="689" ind1="0" ind2=" ">
      <marc:subfield code="5">DE-600</marc:subfield>
      <marc:subfield code="5">DE-600</marc:subfield>
    </marc:datafield>
    <marc:datafield tag="689" ind1="1" ind2="0">
      <marc:subfield code="0">(DE-588)4045791-6</marc:subfield>
      <marc:subfield code="0">https://d-nb.info/gnd/4045791-6</marc:subfield>
      <marc:subfield code="0">(DE-101)040457915</marc:subfield>
      <marc:subfield code="D">s</marc:subfield>
      <marc:subfield code="a">Philosophie</marc:subfield>
    </marc:datafield>
    <marc:datafield tag="689" ind1="1" ind2="1">
      <marc:subfield code="A">z</marc:subfield>
      <marc:subfield code="a">Geschichte</marc:subfield>
    </marc:datafield>
    <marc:datafield tag="689" ind1="1" ind2=" ">
      <marc:subfield code="5">DE-600</marc:subfield>
      <marc:subfield code="5">DE-600</marc:subfield>
    </marc:datafield>
    <marc:datafield tag="770" ind1="0" ind2="8">
      <marc:subfield code="i">Supplement</marc:subfield>
      <marc:subfield code="t">Bibliothek für Philosophie</marc:subfield>
      <marc:subfield code="d">Berlin : [Verlag nicht ermittelbar], 1911-1930</marc:subfield>
      <marc:subfield code="x">0934-9189</marc:subfield>
      <marc:subfield code="w">(DE-600)956367-2</marc:subfield>
      <marc:subfield code="w">(DE-101)010051643</marc:subfield>
    </marc:datafield>
    <marc:datafield tag="776" ind1="0" ind2="8">
      <marc:subfield code="i">Erscheint auch als</marc:subfield>
      <marc:subfield code="n">Online-Ausgabe</marc:subfield>
      <marc:subfield code="t">Archiv für Geschichte der Philosophie</marc:subfield>
      <marc:subfield code="d">Berlin [u.a.] : de Gruyter, 1988-</marc:subfield>
      <marc:subfield code="h">Online-Ressource</marc:subfield>
      <marc:subfield code="x">1613-0650</marc:subfield>
      <marc:subfield code="w">(DE-600)2045579-3</marc:subfield>
      <marc:subfield code="w">(DE-101)021711380</marc:subfield>
    </marc:datafield>
    <marc:datafield tag="850" ind1=" " ind2=" ">
      <marc:subfield code="a">DE-101a</marc:subfield>
      <marc:subfield code="a">DE-101b</marc:subfield>
    </marc:datafield>
    <marc:datafield tag="889" ind1=" " ind2=" ">
      <marc:subfield code="w">(DE-101)550769641</marc:subfield>
    </marc:datafield>
    <marc:datafield tag="889" ind1=" " ind2=" ">
      <marc:subfield code="w">(DE-600)1487002-2</marc:subfield>
    </marc:datafield>
    <marc:datafield tag="925" ind1="r" ind2=" ">
      <marc:subfield code="a">ra</marc:subfield>
    </marc:datafield>
  </marc:record>
</marc:collection>
